000 00574cam a2200181 4500500
005 20260329004431.0
041 _afre
042 _adc
245 0 0 _aUn désir d’égalité. Vivre et travailler dans des communautés utopiques
260 _c2019.
500 _a6
690 _aCollectif
690 _aÉgalité
690 _aMichel Lallement
690 _aUtopie
786 0 _nPhilosophie magazine | 134 | 11 | 2019-11-01 | p. 61-61 | 1951-1787
856 4 1 _uhttps://shs.cairn.info/magazine-philosophie-magazine-2019-11-page-61?lang=fr&redirect-ssocas=7080
999 _c1833809
_d1833809